Estupor y temblores.

Kaydedildi:
Detaylı Bibliyografya
Yazar: Nothomb, Amélie, 1967- (autora)
Diğer Yazarlar: Pàmies, Sergi (traducción)
Materyal Türü: Bilinmiyor
Dil:İngilizce
Baskı/Yayın Bilgisi: Barcelona, España: Anagrama, 2000.
Seri Bilgileri:Colección Compactos.
Konular:
Etiketler: Etiketle
Etiket eklenmemiş, İlk siz ekleyin!

MARC

LEADER 00000 a2200000 4500
003 CL-VaPUC
005 20240514135944.0
008 230510t2000 ||||| |||| 00| 0 eng d
999 |c 440702  |d 440700 
020 |a 978-84-339-6076-4 
040 |c Pontificia Universidad Católica de Valparaíso 
082 |2 22  |a 843 NOT 2000 
100 |a Nothomb, Amélie,  |9 881902  |d 1967-  |e autora 
245 |a Estupor y temblores. 
260 |a Barcelona, España:  |b Anagrama,   |c 2000. 
300 |a 143 páginas. 
490 |a Colección Compactos. 
583 |k Catalogador Asistente  |c 20230510 
650 0 |a Novela francesa  |v Autobiografías  |x Aspectos laborales  |9 264985 
650 0 |a Literatura belga  |x Dignidad humana  |x Ambiente laboral  |9 882112 
700 |9 882111  |a Pàmies, Sergi   |e traducción 
942 |2 ddc  |c BK 
952 |0 0  |1 0  |2 ddc  |4 0  |6 843_000000000000000_NOT_2000  |7 0  |8 A  |9 589958  |a BIBART  |b BIBART  |c GEN  |d 2023-05-10  |e 159  |g 11000.00  |i 5657377  |l 3  |o 843 NOT 2000  |p 5657377  |r 2025-03-13  |s 2023-08-18  |t 1  |v 11000.00  |w 2023-05-10  |y BK  |k ART